| 000 | 00478nam a2200169Ia 4500 | ||
|---|---|---|---|
| 001 | 3122 | ||
| 003 | GE_BSU | ||
| 008 | 181216s||||||||xx |||||||||||||| ||und|| | ||
| 040 | _cGE_BSU | ||
| 080 | _a665.4 | ||
| 245 | _aПроизводство и применение нефтяных церезинов и восков. | ||
| 260 | _aВолгоград. | ||
| 260 | _bВолгоградская правда. | ||
| 260 | _c1970. | ||
| 300 | _a175 стр. 20 см. | ||
| 942 | _cBK | ||
| 999 |
_c37166 _d37166 |
||